00269nam a22001097a 4500020001800000082001200018100002000030245001700050260006200067300000800129650002200137 a9789386374684 a346 PAR aParashar, Kriti aTriple Talaq aGurgaonbThomson Reuters South Asia Private limitedc2018 a202 aPrivate Law-Islam